UBT Library

Déjà vu (Record no. 1114)

000 -LEADER
fixed length control field 00456nam a22001577a 4500
008 - FIXED-LENGTH DATA ELEMENTS--GENERAL INFORMATION
fixed length control field 150713b xxu||||| |||| 00| 0 alb d
041 0# - LANGUAGE CODE
Language code of text/sound track or separate title alb
080 ## - UNIVERSAL DECIMAL CLASSIFICATION NUMBER
Universal Decimal Classification number 09
100 ## - Rafti
Rafti Dujaka, Esad ;
245 ## - TITLE STATEMENT
Title Déjà vu
Statement of responsibility, etc Esad Dujaka ;
260 ## -
-- Houston :
-- Jalifat Publishing ;
-- 2014.
300 ## -
-- 292 f.,
-- 16 fl. : me foto ;
-- 21 cm.
505 ## -
-- Bibliografia.: f.290-292 dhe në fund të faq. - L.1000, pa tir
650 #0 -
-- Biografia
942 ## - ADDED ENTRY ELEMENTS (KOHA)
Source of classification or shelving scheme
Item type Books
Holdings
Withdrawn status Lost status Source of classification or shelving scheme Damaged status Not for loan Collection code Permanent location Current location Shelving location Date acquired Total Checkouts Full call number Date last seen Price effective from Koha item type
          Koleksioni i përgjithshem UBT - Prishtine UBT - Prishtine Koleksioni i përgjithshem 07/13/2015   09 DUJ 07/13/2015 07/13/2015 Books
UBT Library © 2015-2024. All rights reserved University Education for Business and Technology